[Event "WC-2020-S-00003"]
[Site "LSS email"]
[Date "2020.04.01"]
[Round "?"]
[White "Koch, Christian"]
[Black "Haug, Ulrich"]
[Result "1/2-1/2"]
[WhiteElo "2303"]
[BlackElo "2460"]
[PlyCount "71"]
[EventDate "2020.04.01"]
[EventType "tourn (corr)"]
[EventRounds "12"]
[EventCountry "GER"]
[SourceTitle "Corr 2022"]
[Source "ChessBase"]
[SourceDate "2021.10.24"]
[SourceVersion "1"]
[SourceVersionDate "2021.10.24"]
[SourceQuality "1"]

1. e4 c5 2. Ne2 Nc6 3. Nbc3 Nf6 4. d4 cxd4 5. Nxd4 e5 6. Ndb5 d6 7. Bg5 a6 8. Na3 b5 9. Nd5 Be7 10. Bxf6 Bxf6 11. c3 0-0 12. Nc2 Bg5 13. a4 bxa4 14. Rxa4 a5 15. Bc4 Rb8 16. b3 Kh8 17. Nce3 g6 18. h4 Bxh4 19. g3 Bg5 20. f4 exf4 21. gxf4 Bh4+ 22. Kf1 g5 23. Ra2 f6 24. Rah2 Be6 25. Ng2 Rb7 26. Nxh4 gxh4 27. Rxh4 Rg7 28. Qd3 Ne7 29. e5 Nf5 30. exf6 Rxf6 31. Nxf6 Qxf6 32. R4h3 a4 33. Kf2 a3 34. Qe4 d5 35. Bxd5 Bxd5 36. Qxd5 1/2-1/2

[Event "WC-2019-Q-00008"]
[Site "LSS email"]
[Date "2019.08.28"]
[Round "?"]
[White "Zielinski, Sergej"]
[Black "Haug, Ulrich"]
[Result "1/2-1/2"]
[WhiteElo "2284"]
[BlackElo "2456"]
[PlyCount "49"]
[EventDate "2019.09.01"]
[EventType "tourn (corr)"]
[EventRounds "12"]
[EventCountry "GER"]
[SourceTitle "Corr 2022"]
[Source "ChessBase"]
[SourceDate "2021.10.24"]
[SourceVersion "1"]
[SourceVersionDate "2021.10.24"]
[SourceQuality "1"]

1. c4 e5 2. Nc3 Nf6 3. Nf3 Nc6 4. g3 d5 5. cxd5 Nxd5 6. Bg2 Nb6 7. 0-0 Be7 8. a3 g5 9. d3 g4 10. Nd2 h5 11. b4 h4 12. Nb3 Nd4 13. Nxd4 exd4 14. Ne4 c6 15. Qc2 Rh5 16. e3 Be6 17. Re1 hxg3 18. Nxg3 Rh8 19. b5 Rc8 20. bxc6 Bd6 21. exd4 bxc6 22. Ne4 Bxh2+ 23. Kf1 Kf8 24. Bg5 Qd5 25. Qc3 1/2-1/2

[Event "WC-2018-Q-00005"]
[Site "LSS email"]
[Date "2018.09.16"]
[Round "?"]
[White "Aberbach Peltzman, Angel Sergio"]
[Black "Haug, Ulrich"]
[Result "1/2-1/2"]
[WhiteElo "2292"]
[BlackElo "2466"]
[PlyCount "58"]
[EventDate "2018.09.22"]
[EventType "tourn (corr)"]
[EventRounds "12"]
[EventCountry "GER"]
[SourceTitle "Corr 2022"]
[Source "ChessBase"]
[SourceDate "2021.10.24"]
[SourceVersion "1"]
[SourceVersionDate "2021.10.24"]
[SourceQuality "1"]

1. e4 e5 2. Nf3 Nc6 3. Bb5 a6 4. Ba4 Nf6 5. d3 Bc5 6. c3 b5 7. Bb3 0-0 8. 0-0 d6 9. Bg5 h6 10. Bh4 Be6 11. Nbd2 Bxb3 12. Nxb3 Bb6 13. Re1 Re8 14. a4 g5 15. Bg3 Qd7 16. Qc2 Nh5 17. a5 Ba7 18. d4 f6 19. Rad1 Kh8 20. Nfd2 Rab8 21. Nf1 Qf7 22. Ne3 Kh7 23. Nf5 Ne7 24. Ne3 Nc6 25. d5 Ne7 26. Nd2 Bxe3 27. fxe3 Nxg3 28. hxg3 Rec8 29. c4 Kg7 1/2-1/2

[Event "WC-2017-S-00001"]
[Site "LSS email"]
[Date "2017.05.17"]
[Round "?"]
[White "Haug, Ulrich"]
[Black "Kuhne, Detlev"]
[Result "1/2-1/2"]
[WhiteElo "2486"]
[BlackElo "2467"]
[PlyCount "72"]
[EventDate "2017.06.01"]
[EventType "tourn (corr)"]
[EventRounds "12"]
[EventCountry "GER"]
[SourceTitle "Corr 2024"]
[Source "ChessBase"]
[SourceDate "2023.10.19"]
[SourceVersion "1"]
[SourceVersionDate "2023.10.19"]
[SourceQuality "1"]

1. Nf3 Nf6 2. d4 e6 3. c4 Bb4+ 4. Bd2 Qe7 5. g3 Bxd2+ 6. Qxd2 d5 7. Bg2 0-0 8. 0-0 Nbd7 9. Qc2 c6 10. Nbd2 e5 11. cxd5 cxd5 12. dxe5 Nxe5 13. Nxe5 Qxe5 14. Nf3 Qh5 15. Qc7 Qg4 16. e3 Qb4 17. Rab1 Be6 18. a3 Qb5 19. Nd4 Qa6 20. Rbc1 Rac8 21. Qf4 h6 22. h4 Qb6 23. b3 Qa5 24. a4 Rxc1 25. Rxc1 Qd2 26. Rf1 Qc3 27. Qd6 Qc8 28. a5 a6 29. Qa3 Qd7 30. Nxe6 fxe6 31. Rc1 Ng4 32. Qb4 h5 33. Rc2 Qf7 34. Bh3 Nxf2 35. Bxe6 Qxe6 36. Rxf2 Rxf2 1/2-1/2

[Event "WC-2017-S-00001"]
[Site "LSS email"]
[Date "2017.05.17"]
[Round "?"]
[White "Kuhne, Detlev"]
[Black "Haug, Ulrich"]
[Result "1/2-1/2"]
[WhiteElo "2467"]
[BlackElo "2486"]
[PlyCount "105"]
[EventDate "2017.06.01"]
[EventType "tourn (corr)"]
[EventRounds "12"]
[EventCountry "GER"]
[SourceTitle "Corr 2024"]
[Source "ChessBase"]
[SourceDate "2023.10.19"]
[SourceVersion "1"]
[SourceVersionDate "2023.10.19"]
[SourceQuality "1"]

1. e4 c6 2. d4 d5 3. e5 c5 4. dxc5 e6 5. Nf3 Bxc5 6. Bd3 Nc6 7. 0-0 f6 8. exf6 Nxf6 9. c4 0-0 10. Nc3 Qd6 11. h3 a6 12. Bg5 Kh8 13. Kh1 dxc4 14. Bxc4 b5 15. Bb3 Na5 16. Bc2 Bb7 17. Qe2 Bxf3 18. Qxf3 Rac8 19. Rae1 Ba7 20. Ne4 Qd5 21. Bb1 Nxe4 22. Qxe4 Qxe4 23. Rxe4 h6 24. Be3 Bxe3 25. Rxe3 Rc6 26. Rd1 Kg8 27. Be4 Rb6 28. b3 Nb7 29. Bxb7 Rxb7 30. Rxe6 Rxf2 31. Rxa6 Re7 32. Rd3 Ree2 33. Rg3 Rxa2 34. Rag6 Ra7 35. Rxh6 Ra1+ 36. Kh2 Rff1 37. Rg4 Rh1+ 38. Kg3 Rhb1 39. b4 Rxb4 40. Rxb4 gxh6 41. Rxb5 Ra3+ 42. Kg4 Kg7 43. h4 Ra2 44. g3 Ra3 45. Rb7+ Kg6 46. h5+ Kf6 47. Rb6+ Kg7 48. Rg6+ Kh7 49. Re6 Ra5 50. Re7+ Kg8 51. Kh4 Ra4+ 52. g4 Ra1 53. Rc7 1/2-1/2

[Event "WC-2017-S-00001"]
[Site "LSS email"]
[Date "2017.05.17"]
[Round "?"]
[White "Simmelink, Joop"]
[Black "Haug, Ulrich"]
[Result "1/2-1/2"]
[WhiteElo "2480"]
[BlackElo "2486"]
[PlyCount "74"]
[EventDate "2017.06.01"]
[EventType "tourn (corr)"]
[EventRounds "12"]
[EventCountry "GER"]
[SourceTitle "Corr 2024"]
[Source "ChessBase"]
[SourceDate "2023.10.19"]
[SourceVersion "1"]
[SourceVersionDate "2023.10.19"]
[SourceQuality "1"]

1. e4 c5 2. Nf3 d6 3. d4 cxd4 4. Nxd4 Nf6 5. Nc3 a6 6. Bg5 e6 7. f4 Qb6 8. Qd2 Qxb2 9. Rb1 Qa3 10. e5 h6 11. Bh4 dxe5 12. fxe5 g5 13. Bg3 Nh5 14. Ne4 Qxa2 15. Rb3 Nd7 16. Be2 Qa1+ 17. Bd1 Nc5 18. Nxc5 Nxg3 19. hxg3 Bxc5 20. c3 Qa5 21. 0-0 b5 22. Bh5 0-0 23. Kh2 Bb7 24. Qc2 Bxd4 25. Bxf7+ Rxf7 26. Rxf7 Kxf7 27. Qh7+ Ke8 28. Qxb7 Qd8 29. Qc6+ Kf7 30. cxd4 Qe8 31. Rf3+ Kg8 32. Qb7 Qh5+ 33. Kg1 Rf8 34. Rxf8+ Kxf8 35. Qxa6 Qd1+ 36. Kh2 Qh5+ 37. Kg1 Qd1+ 1/2-1/2

[Event "WC-2016-Q-00011"]
[Site "LSS email"]
[Date "2016.08.29"]
[Round "?"]
[White "Astroukh, Vitalij"]
[Black "Haug, Ulrich"]
[Result "1/2-1/2"]
[WhiteElo "2360"]
[BlackElo "2481"]
[PlyCount "66"]
[EventDate "2016.09.03"]
[EventType "tourn (corr)"]
[EventRounds "12"]
[EventCountry "GER"]
[SourceTitle "Corr 2022"]
[Source "ChessBase"]
[SourceDate "2021.10.24"]
[SourceVersion "1"]
[SourceVersionDate "2021.10.24"]
[SourceQuality "1"]

1. e4 c5 2. Nf3 d6 3. d4 cxd4 4. Nxd4 Nf6 5. Nc3 a6 6. Bg5 e6 7. f4 Qb6 8. Qd2 Qxb2 9. Rb1 Qa3 10. e5 h6 11. Bh4 dxe5 12. fxe5 Nd5 13. Nxd5 exd5 14. e6 Bxe6 15. Nxe6 fxe6 16. Bd3 Be7 17. Bg6+ Kd8 18. Bxe7+ Qxe7 19. 0-0 Nd7 20. Rf7 Qc5+ 21. Kh1 Rc8 22. Qe1 Rf8 23. Qxe6 Rxf7 24. Qxf7 Qe7 25. Qxd5 Qe5 26. Qf7 Rc5 27. h3 Rd5 28. Rf1 Rd6 29. Bh5 Rf6 30. Qg8+ Kc7 31. Bf3 Rf8 32. Qc4+ Nc5 33. Rb1 Kb8 1/2-1/2

[Event "WC-2016-Q-00011"]
[Site "LSS email"]
[Date "2016.08.29"]
[Round "?"]
[White "Lelito, Jerzy"]
[Black "Haug, Ulrich"]
[Result "1/2-1/2"]
[WhiteElo "2206"]
[BlackElo "2481"]
[PlyCount "42"]
[EventDate "2016.09.03"]
[EventType "tourn (corr)"]
[EventRounds "12"]
[EventCountry "GER"]
[SourceTitle "Corr 2022"]
[Source "ChessBase"]
[SourceDate "2021.10.24"]
[SourceVersion "1"]
[SourceVersionDate "2021.10.24"]
[SourceQuality "1"]

1. e4 e5 2. Nf3 Nc6 3. Bb5 a6 4. Ba4 Nf6 5. 0-0 Nxe4 6. d4 b5 7. Bb3 d5 8. dxe5 Be6 9. Nbd2 Nc5 10. c3 Be7 11. Bc2 d4 12. cxd4 Nxd4 13. Nxd4 Qxd4 14. Nf3 Qxd1 15. Rxd1 Rd8 16. Rxd8+ Kxd8 17. Nd4 Bd5 18. Nf5 g6 19. Nxe7 Kxe7 20. f3 Rb8 21. Be3 Nd7 1/2-1/2

[Event "CP-2016-S-00002"]
[Site "LSS email"]
[Date "2016.03.06"]
[Round "?"]
[White "Roberts, Anthony"]
[Black "Haug, Ulrich"]
[Result "1/2-1/2"]
[WhiteElo "2344"]
[BlackElo "2485"]
[PlyCount "56"]
[EventDate "2016.03.10"]
[EventType "tourn (corr)"]
[EventRounds "7"]
[EventCountry "GER"]
[SourceTitle "Corr 2022"]
[Source "ChessBase"]
[SourceDate "2021.10.24"]
[SourceVersion "1"]
[SourceVersionDate "2021.10.24"]
[SourceQuality "1"]

1. e4 e5 2. Nf3 Nc6 3. Bb5 a6 4. Ba4 Nf6 5. 0-0 Be7 6. Re1 b5 7. Bb3 d6 8. c3 0-0 9. h3 Bb7 10. d4 Re8 11. a4 h6 12. axb5 axb5 13. Rxa8 Qxa8 14. Na3 b4 15. Nb5 Qa5 16. Bc4 Ba6 17. Qb3 Rf8 18. cxb4 Nxb4 19. Nc3 Bxc4 20. Qxc4 Nc2 21. Rd1 Nxd4 22. Nxd4 exd4 23. Rxd4 Qa7 24. Qa4 Qb7 25. Rb4 Qc8 26. Rb5 Qe6 27. Ra5 Rb8 28. Qc6 Kh7 1/2-1/2

[Event "WC-2015-T-00001"]
[Site "LSS email"]
[Date "2015.11.01"]
[Round "?"]
[White "Haug, Ulrich"]
[Black "Ulasevich, Sergey"]
[Result "1/2-1/2"]
[WhiteElo "2485"]
[BlackElo "2511"]
[PlyCount "66"]
[EventDate "2015.11.08"]
[EventType "tourn (corr)"]
[EventRounds "10"]
[EventCountry "GER"]
[SourceTitle "Corr 2022"]
[Source "ChessBase"]
[SourceDate "2021.10.24"]
[SourceVersion "1"]
[SourceVersionDate "2021.10.24"]
[SourceQuality "1"]

1. e4 c5 2. d4 cxd4 3. c3 dxc3 4. Nxc3 Nc6 5. Nf3 e6 6. Bc4 a6 7. 0-0 b5 8. Bb3 Bb7 9. Qe2 Nge7 10. Be3 Na5 11. Nd4 Ng6 12. f4 Nxb3 13. Nxb3 b4 14. Na4 Bc6 15. Nb6 Bb5 16. Qf2 Bxf1 17. Rxf1 Ra7 18. Nd2 Rc7 19. Ndc4 Be7 20. f5 0-0 21. fxg6 fxg6 22. Qd2 Rxf1+ 23. Kxf1 d5 24. exd5 exd5 25. Qxd5+ Qxd5 26. Nxd5 Rxc4 27. Nxe7+ Kf7 28. Nd5 Ke6 29. b3 Re4 30. Nf4+ Kf5 31. Ke2 Rxf4 32. Bxf4 Kxf4 33. Kd3 g5 1/2-1/2

[Event "WC-2015-T-00001"]
[Site "LSS email"]
[Date "2015.11.01"]
[Round "?"]
[White "Nemchenko, Valery"]
[Black "Haug, Ulrich"]
[Result "1/2-1/2"]
[WhiteElo "2485"]
[BlackElo "2485"]
[PlyCount "84"]
[EventDate "2015.11.08"]
[EventType "tourn (corr)"]
[EventRounds "10"]
[EventCountry "GER"]
[SourceTitle "Corr 2022"]
[Source "ChessBase"]
[SourceDate "2021.10.24"]
[SourceVersion "1"]
[SourceVersionDate "2021.10.24"]
[SourceQuality "1"]

1. d4 d5 2. Nf3 Nf6 3. c4 c6 4. e3 Bf5 5. Nc3 e6 6. Nh4 Be4 7. f3 Bg6 8. Qb3 Qc7 9. Bd2 Be7 10. g3 0-0 11. Nxg6 hxg6 12. Kf2 a6 13. c5 Nbd7 14. Kg2 b6 15. cxb6 Nxb6 16. Rc1 Rfc8 17. Na4 Nxa4 18. Qxa4 a5 19. Be2 Qb7 20. Rc2 Nd7 21. Qb3 Qxb3 22. axb3 c5 23. Rhc1 Rab8 24. Rc3 Bf6 25. Kf2 g5 26. h3 Kf8 27. Rd3 cxd4 28. Rxc8+ Rxc8 29. exd4 Ra8 30. Bc3 Be7 31. Rd1 Bb4 32. Bb5 Nf6 33. Ra1 Rb8 34. Bxb4+ axb4 35. Be2 Ng8 36. Ra6 Ke8 37. Ke3 Ne7 38. Bd3 Rb7 39. f4 gxf4+ 40. Kxf4 Kd7 41. h4 Nc6 42. Ke3 f6 1/2-1/2

[Event "CP-2014-Q-00010"]
[Site "LSS email"]
[Date "2014.12.02"]
[Round "?"]
[White "Hlavica, Bretislav"]
[Black "Haug, Ulrich"]
[Result "0-1"]
[WhiteElo "2085"]
[BlackElo "2487"]
[PlyCount "120"]
[EventDate "2014.12.08"]
[EventType "tourn (corr)"]
[EventRounds "6"]
[EventCountry "GER"]
[SourceTitle "Corr 2022"]
[Source "ChessBase"]
[SourceDate "2021.10.24"]
[SourceVersion "1"]
[SourceVersionDate "2021.10.24"]
[SourceQuality "1"]

1. d4 d5 2. c4 c6 3. Nf3 Nf6 4. e3 Bf5 5. Nc3 e6 6. Bd3 Bg6 7. 0-0 Nbd7 8. b3 Bd6 9. Bb2 0-0 10. Bxg6 hxg6 11. Qe2 Qa5 12. h3 Rad8 13. Rab1 a6 14. Qc2 Rc8 15. c5 Be7 16. b4 Qc7 17. a4 a5 18. Ba3 axb4 19. Rxb4 Ra8 20. Rfb1 Rfb8 21. Qb2 Ra7 22. Ne2 Ne4 23. Nd2 Nxd2 24. Qxd2 Raa8 25. Qc2 e5 26. Kf1 e4 27. Kg1 g5 28. Nc3 Bd8 29. R4b3 Nf6 30. Qe2 Qd7 31. g4 Nh7 32. f3 exf3 33. Qxf3 Nf8 34. Kh1 Ng6 35. Qf5 Qe7 36. Qd3 Bc7 37. Rxb7 Rxb7 38. Rxb7 Nh4 39. Bc1 f5 40. gxf5 Rf8 41. e4 dxe4 42. Nxe4 Rxf5 43. Be3 Rf1+ 44. Bg1 Rf3 45. Rxc7 Qxc7 46. Qc4+ Kh8 47. Qe6 Rf8 48. Nxg5 Qg3 49. Qg4 Qxg4 50. hxg4 Nf3 51. Be3 Nxg5 52. Bxg5 Ra8 53. Kg2 Rxa4 54. Be3 Kg8 55. Kf3 Kf7 56. Ke4 Ke6 57. Bf4 Ra1 58. Be5 g5 59. Bc7 Re1+ 60. Kf3 Kd5 0-1

[Event "WC-2015-S-00008"]
[Site "LSS email"]
[Date "2014.01.13"]
[Round "?"]
[White "Daurelle, Herve"]
[Black "Haug, Ulrich"]
[Result "0-1"]
[WhiteElo "2279"]
[BlackElo "2399"]
[PlyCount "114"]
[EventDate "2014.01.18"]
[EventType "tourn (corr)"]
[EventRounds "12"]
[EventCountry "GER"]
[SourceTitle "Corr 2015"]
[Source "ChessBase"]
[SourceDate "2015.07.17"]
[SourceVersion "1"]
[SourceVersionDate "2015.07.17"]
[SourceQuality "1"]

1. e4 c5 2. Nf3 Nc6 3. d4 cxd4 4. Nxd4 Nf6 5. Nc3 e5 6. Ndb5 d6 7. Bg5 a6 8. Na3 b5 9. Bxf6 gxf6 10. Nd5 f5 11. Bd3 Be6 12. 0-0 Bxd5 13. exd5 Ne7 14. c3 Bg7 15. Nc2 0-0 16. a4 e4 17. Be2 bxa4 18. Rxa4 Rb8 19. Ra2 a5 20. Na3 Qb6 21. Qd2 Qb3 22. Bc4 Qb6 23. Qg5 Rfe8 24. Bb5 h6 25. Qh5 Rec8 26. c4 f4 27. b3 f5 28. Rb1 Qa7 29. Bc6 Nxc6 30. dxc6 Qf7 31. Qxf7+ Kxf7 32. Nb5 Rxc6 33. Rd1 Be5 34. Rxa5 Kf6 35. Kf1 Rd8 36. Rd5 Rc5 37. Rd1 d5 38. Ra6+ Kf7 39. Na3 d4 40. Ra7+ Rc7 41. Ra5 Re7 42. Nc2 d3 43. Nb4 Rd6 44. g3 f3 45. Rc5 Rb7 46. Rxe5 Rxb4 47. Rxf5+ Ke6 48. Rh5 Rxb3 49. c5 Rd4 50. Rxh6+ Kf5 51. g4+ Kxg4 52. h3+ Kg5 53. Rh8 Rc3 54. Rg8+ Kf6 55. Rf8+ Ke7 56. Rb8 d2 57. Rb7+ Ke6 0-1